Statistiques concernant Mots associés au mot "pied"

Cliquez ici pour prendre le quiz!

Statistiques générales

  • Ce quiz a été pris 67 fois
  • Le résultat moyen est 5 sur 11

Statistiques - réponses

IndiceRéponse% Correct
Français d’Algérienoir
95%
geste moqueurnez
82%
conduite rapideplancher
57%
longue attentegrue
56%
levier métalliquebiche
54%
premier degrélettre
46%
tissu de laine ou de cotonpoule
41%
instrument de mesure de longueurcoulisse
26%
champignonmouton
26%
aucune échappatoiremur
25%
huîtrecheval
5%

Distribution des résultats

Percentile par nombre de réponses

% des personnes avec chaque résultat

Votre développement - résultats

Vous n’avez pas pris ce quiz